| 000 | 00490nam a2200193Ia 4500 | ||
|---|---|---|---|
| 005 | 20250425161226.0 | ||
| 008 | 250425s9999 xx 000 0 und d | ||
| 020 | _a0890061106 | ||
| 041 | _aeng | ||
| 082 | _a621.38483 | ||
| 100 | _aFREEMAN, ERNEST R. | ||
| 245 | 0 | _aINTERFERENCE SUPPRESSION TECHNIQUES FOR MICROWAVE ANTENNAS AND TRANSMITTERS | |
| 250 | _a1ST ED. | ||
| 260 |
_aEstados Unidos _bARTECH _c1982 |
||
| 260 | _aS.L. | ||
| 300 | _a230 | ||
| 942 | _c01 | ||
| 010 | _a15609 | ||
| 999 |
_c204974 _d204974 |
||